| 000 -LEADER |
| fixed length control field |
00749nam a22001337a 4500 |
| 008 - FIXED-LENGTH DATA ELEMENTS--GENERAL INFORMATION |
| fixed length control field |
250829b ||||| |||| 00| 0 eng d |
| 020 ## - INTERNATIONAL STANDARD BOOK NUMBER |
| International Standard Book Number |
9781800901933 |
| 082 ## - DEWEY DECIMAL CLASSIFICATION NUMBER |
| Classification number |
823.92 MON |
| 100 ## - MAIN ENTRY--PERSONAL NAME |
| Personal name |
MONTGOMERY,ROSS |
| Relator term |
AUTHOR |
| Language of a work |
ENGLISH |
| 245 ## - TITLE STATEMENT |
| Title |
SHEEP SCHOOL |
| 260 ## - PUBLICATION, DISTRIBUTION, ETC. |
| Place of publication, distribution, etc. |
18 WALKER STREET,EDINBURGH,EH3 7LP |
| Name of publisher, distributor, etc. |
BARRINGTON STOKE LTD |
| Date of publication, distribution, etc. |
2023 |
| 500 ## - GENERAL NOTE |
| General note |
William the lamb just can't stand still. His feet are always tapping, ready to dance, and he loves nothing more than bursting into song. But his talents aren't always appreciated at Sheep School. Cast out of the flock, he wanders miserably away only to witness the rest of the sheep being captured by the Big Bad Wolf. Can William find a way to put his artistic skills to use to save the day? |
| 942 ## - ADDED ENTRY ELEMENTS (KOHA) |
| Source of classification or shelving scheme |
|